| Поле | Инд. | ПП | Название | Значение |
|---|---|---|---|---|
| Тип записи | a | |||
| Библиографический уровень | m | |||
| 001 | _ | Контрольный номер | RU\infra-m\znanium\bibl\1041557 | |
| 005 | _ | Дата корректировки | 20250915104117.4 | |
| 008 | Кодируемые данные | 200207s2020 RU g rus u | ||
| 020 | a | ISBN | 978-5-16-015562-3 | |
| 020 | a | ISBN | 978-5-16-107991-1 | |
| 040 | a | Служба первич. каталог. | Общество с ограниченной ответственностью «ЗНАНИУМ» | |
| 041 | a | Код языка текста | rus | |
| 044 | a | Код страны публикации | RU | |
| 080 | a | Индекс УДК | [342.25+94(470+571)](075.8) | |
| 084 | 2 | Источник индекса | rubbk | |
| a | Индекс другой классификации/Индекс ББК | 66.3(2Рос)12:63.3(2)я73 | ||
| 084 | 2 | Источник индекса | okso | |
| a | Индекс другой классификации/Индекс ББК | 46.03.01 | ||
| 084 | 2 | Источник индекса | okso | |
| a | Индекс другой классификации/Индекс ББК | 46.03.02 | ||
| 100 | 1_ | a | Автор | Борщик Наталья Дмитриевна |
| q | Полное имя | Наталья Дмитриевна | ||
| 245 | a | Заглавие | История государственного и местного управления в России IX-XXI веков | |
| b | Продолж. заглавия | Учебное пособие | ||
| c | Ответственность | Крымский федеральный университет им. В.И. Вернадского; Курский государственный университет | ||
| 250 | a | Основные сведения об издании | 1 | |
| 260 | a | Место издания | Москва | |
| b | Издательство | ООО "Научно-издательский центр ИНФРА-М" | ||
| c | Дата издания | 2020 | ||
| 300 | a | Объем | 218 с. | |
| 520 | a | Аннотация | Важнейшей задачей высших органов государственной власти и местного управления в России является укрепление и развитие современного российского федерализма, основанного на конституционных отношениях центра и субъектов федерации. | |
| 521 | a | Примеч. о целев. назн. | ВО - Бакалавриат | |
| 650 | a | Основная рубрика | Управление (менеджмент) | |
| x | Основная подрубрика | История государственного управления | ||
| 700 | 1_ | a | Другие авторы | Третьяков Александр Викторович |
| q | Полное имя | Александр Викторович | ||
| 852 | x | Примечание, не предназначенное для пользователя | znanium2022 | |
| 856 | 4_ | a | Имя сервера/домена | znanium.com |
| m | Помощь | ebs_support@infra-m.ru | ||
| n | Местонахождение сервера | НИЦ ИНФРА-М | ||
| u | URL | http://znanium.com/catalog/document?id=354286 | ||
| z | Примечание для пользователя | Участвует в КО | ||
| 856 | 41 | a | Имя сервера/домена | znanium.com |
| d | Путь | /cover/1041 | ||
| f | Электронное имя | 1041557.jpg | ||
| q | Тип электронного формата | image/jpeg | ||
| u | URL | https://znanium.com/cover/1041/1041557.jpg |